| 000 | 00628nam a2200181 a 4500 | ||
|---|---|---|---|
| 008 | 120416s1997 ||||||||||||||||| || u | ||
| 020 | _a0121791904 | ||
| 050 | _aTJ 213 Col | ||
| 100 | _aColaneri, Patrizio | ||
| 245 | 1 | 0 | _aControl theory and design: an RH2 and RH viewpoint |
| 260 |
_aSan Diego: _bAcademic Press _c1997 |
||
| 300 | _avii, 378p. : ill. | ||
| 350 | _a0.00 | ||
| 650 | 0 | _aCONTROL THEORY | |
| 650 | 0 | _aAUTOMATIC CONTROL | |
| 700 | _aLocatelli, Arturo | ||
| 995 |
_D0.00 _FCBU-MAIN LIBRARY (Kitwe) _H1 _I35.90 _M1 _UAVAILABLE _ZMain Library Open Access Collection |
||
| 999 |
_c38730 _d38730 |
||